| 000 | 00500cam a2200193ua 4500 | ||
|---|---|---|---|
| 020 | _c70.00 | ||
| 041 |
_aeng _h |
||
| 082 |
_a690.0223 _bCHI/BU |
||
| 100 | _aChing, Francis.D.K . | ||
| 245 |
_aBuilding construction illustrated / _cD.K..Francis Ching. _hTextual Documents |
||
| 250 |
_a1 / _b. |
||
| 260 |
_aNew Delhi : _bC B S Publishers & Distributers , _c1985. |
||
| 300 | _a299 ; . | ||
| 365 | _a70.00 | ||
| 504 | _a | ||
| 942 | _cBK | ||
| 999 |
_c2656 _d2656 |
||